• 首页
  • 本馆介绍
  • 公告通知
  • 最新文献
  • 馆藏检索
  • 电子资源
  • 读者导购
  • 参考咨询
  • 我的图书馆
  • 登录
  • 详细信息显示
  • 放入我的书架
  • 预约/预借图书
  • 作者相关作品
  • 分类相关作品
  • 丛书相关作品
  • 出版社相关作品

书目信息

  • 表格格式
  • 工作单格式
  • 卡片格式
题名:
开放视角下产业集聚与全要素生产率关系的研究
    
 
作者: 王丽丽 著
分册:  
出版信息: 北京   经济日报出版社  2014
页数: 134页
开本: 24cm
丛书名: 经济日报学术文库
单 册:
中图分类: F269.23 , F249.22
科图分类:
主题词: 产业集群--关系--劳动生产率--研究--中国
电子资源:
ISBN: 978-7-80257-687-2
000 01297nam0 2200289 450
001 339561
005 20150608162737.23
010    @a978-7-80257-687-2@dCNY32.00
100    @a20141226d2014 em y0chiy50 ea
101 0  @achi
102    @aCN@b110000
105    @ay z 000yy
106    @ar
200 1  @a开放视角下产业集聚与全要素生产率关系的研究@Akai fang shi jiao xia chan ye ji ju yu quan yao su sheng chan lv guan xi de yan jiu@d= On the relationship between industry agglomeration and TFP growth: a trade openness perspective@f王丽丽著@zeng
210    @a北京@c经济日报出版社@d2014
215    @a134页@d24cm
225 2  @a经济日报学术文库
300    @a对外经济贸易大学国际经济研究院资助
330    @a本书在贸易开放的视角下对产业集聚促进全要素生产率提高的内在机制进行了理论分析, 分别从产业层面和地区层面对中国制造业的集聚水平和全要素生产率的大小进行了测度, 并对我国如何合理调整产业布局、协调区域经济发展提出对策。
410  0 @12001 @a经济日报学术文库
510 1  @aOn the relationship between industry agglomeration and TFP growth: a trade openness perspective@zeng
606 0  @a产业集群@x关系@x劳动生产率@x研究@y中国
690    @aF269.23@v5
690    @aF249.22@v5
701  0 @a王丽丽@Awang li li@c(经济学)@4著
801  0 @aCN@b卓展宏图@c20150525
905    @dF269.23@e232@f4
    
    开放视角下产业集聚与全要素生产率关系的研究= On the relationship between industry agglomeration and TFP growth: a trade openness perspective/王丽丽著.-北京:经济日报出版社,2014
    134页;24cm.-(经济日报学术文库)
    对外经济贸易大学国际经济研究院资助
    
    ISBN 978-7-80257-687-2:CNY32.00
    本书在贸易开放的视角下对产业集聚促进全要素生产率提高的内在机制进行了理论分析, 分别从产业层面和地区层面对中国制造业的集聚水平和全要素生产率的大小进行了测度, 并对我国如何合理调整产业布局、协调区域经济发展提出对策。
●
相关链接 在E读中查询图书 在五车中查询图书 在当当中查询图书 在豆瓣中查询图书


正题名:开放视角下产业集聚与全要素生产率关系的研究     索取号:F269.23/232         预约/预借

序号 登录号 条形码 馆藏地/架位号 状态 备注
1 863150   208631505   第一样本阅览室/ [索取号:F269.23/232] 在馆    
2 863151   208631514   第一借阅区/ [索取号:F269.23/232] 在馆    
3 863152   208631523   第一借阅区/ [索取号:F269.23/232] 在馆    
4 863153   208631532   密集书库-海洋学院/ [索取号:F269.23/232] 在馆    
唐山师范学院图书馆 欢迎您!
大连网信软件有限公司© 版权所有